[Event "POL-chT U19 2nd League"]
[Site "Szczyrk"]
[Date "2014.07.29"]
[Round "7.55"]
[White "Zylka, Stanislaw"]
[Black "Tomaka, Marek"]
[Result "1/2-1/2"]
[WhiteElo "1931"]
[BlackElo "1623"]
[PlyCount "80"]
[EventDate "2014.07.25"]
[EventType "team-swiss"]
[EventRounds "11"]
[EventCountry "POL"]
[SourceTitle "EXT 2015"]
[Source "ChessBase"]
[SourceDate "2014.11.20"]
[SourceVersion "1"]
[SourceVersionDate "2014.11.20"]
[SourceQuality "1"]
[WhiteTeam "Podlesie UKS 21 U19"]
[BlackTeam "Gliwice Akademia Szachowa U19"]
[WhiteTeamCountry "POL"]
[BlackTeamCountry "POL"]

1. e4 c5 2. Nf3 e6 3. d4 cxd4 4. Nxd4 Nf6 5. Nc3 Nc6 6. Ndb5 d6 7. Bf4 e5 8. Bg5 a6 9. Na3 b5 10. Nd5 Be7 11. Bxf6 Bxf6 12. c3 Bg5 13. Nc2 0-0 14. a4 bxa4 15. Rxa4 a5 16. Bc4 Rb8 17. Ra2 Kh8 18. h4 Bh6 19. Nce3 Be6 20. g3 Qd7 21. 0-0 f5 22. Nxf5 Bxf5 23. exf5 Qxf5 24. Qa4 Qh3 25. Qxc6 Rbc8 26. Qa4 Rf3 27. b3 Bf4 28. Nxf4 exf4 29. Re2 fxg3 30. Re8+ Rf8 31. Rxf8+ Rxf8 32. fxg3 Qxg3+ 33. Kh1 Qh3+ 34. Kg1 Qg3+ 35. Kh1 Qh3+ 36. Kg1 Qg4+ 37. Kh1 Qxh4+ 38. Kg1 Qg3+ 39. Kh1 Qh3+ 40. Kg1 Qg3+ 1/2-1/2

[Event "POL-chT U19 2nd League"]
[Site "Borowice"]
[Date "2012.07.26"]
[Round "8"]
[White "Piotrowski, Pawel"]
[Black "Tomaka, Marek"]
[Result "1-0"]
[WhiteElo "1933"]
[BlackElo "1599"]
[PlyCount "75"]
[EventDate "2012.07.21"]
[EventType "team-swiss"]
[EventRounds "11"]
[EventCountry "POL"]
[SourceTitle "EXT 2014"]
[Source "ChessBase"]
[SourceDate "2013.11.20"]
[SourceVersion "1"]
[SourceVersionDate "2013.11.20"]
[SourceQuality "1"]
[WhiteTeam "Zielona Gora KS 64 U19"]
[BlackTeam "Gliwice Akademia Szachowa U19"]
[WhiteTeamCountry "POL"]
[BlackTeamCountry "POL"]

1. d4 Nf6 2. c4 e5 3. dxe5 Ng4 4. Bf4 Bb4+ 5. Nd2 Nc6 6. Ngf3 Qe7 7. e3 Ngxe5 8. Nxe5 Nxe5 9. Be2 d6 10. 0-0 Bxd2 11. Qxd2 0-0 12. Rac1 b6 13. Rfd1 Bb7 14. Qc3 Nd7 15. Bf3 Bxf3 16. gxf3 Qf6 17. Qxf6 Nxf6 18. e4 Rad8 19. Rd2 a5 20. Rcd1 Rfe8 21. b3 Nd7 22. a3 Re6 23. Kf1 Rde8 24. Bg3 f5 25. exf5 Rf6 26. Rd5 Ref8 27. Bh4 Rxf5 28. Rxf5 Rxf5 29. Bd8 Rxf3 30. Bxc7 Rxb3 31. Rxd6 Nf6 32. Bxb6 Rxa3 33. c5 Rc3 34. c6 Ne8 35. Rd8 Kf7 36. c7 Ra3 37. c8Q Ra1+ 38. Kg2 1-0

[Event "POL-chT U19 2nd League"]
[Site "Borowice"]
[Date "2012.07.21"]
[Round "1"]
[White "Tomaka, Marek"]
[Black "Nun, Grzegorz"]
[Result "0-1"]
[WhiteElo "1599"]
[BlackElo "1726"]
[PlyCount "42"]
[EventDate "2012.07.21"]
[EventType "team-swiss"]
[EventRounds "11"]
[EventCountry "POL"]
[SourceTitle "EXT 2014"]
[Source "ChessBase"]
[SourceDate "2013.11.20"]
[SourceVersion "1"]
[SourceVersionDate "2013.11.20"]
[SourceQuality "1"]
[WhiteTeam "Gliwice Akademia Szachowa U19"]
[BlackTeam "Kozuchow Odrodzenie U19"]
[WhiteTeamCountry "POL"]
[BlackTeamCountry "POL"]

1. e4 c5 2. Nf3 d6 3. d4 cxd4 4. Nxd4 Nf6 5. Nc3 a6 6. Be2 g6 7. 0-0 Bg7 8. f4 0-0 9. Be3 Nc6 10. Nxc6 bxc6 11. Qe1 Qc7 12. Qh4 Rb8 13. Rab1 Qa5 14. a3 Rxb2 15. Rxb2 Qxc3 16. Rb3 Qxc2 17. Bd1 Qxe4 18. Qf2 Qd5 19. Rb6 c5 20. Bb3 Qf5 21. Bc4 Ng4 0-1

[Event "Zabrze Mayor's Cup 34th"]
[Site "Zabrze"]
[Date "2011.09.27"]
[Round "7"]
[White "Klementys, Jerzy"]
[Black "Tomaka, Marek"]
[Result "1-0"]
[WhiteElo "1825"]
[BlackElo "1582"]
[PlyCount "71"]
[EventDate "2011.09.23"]
[EventType "swiss"]
[EventRounds "10"]
[EventCountry "POL"]
[SourceTitle "CBM 144 Extra"]
[Source "ChessBase"]
[SourceDate "2011.10.28"]
[SourceVersion "1"]
[SourceVersionDate "2011.10.28"]
[SourceQuality "1"]

1. d4 d5 2. c4 c6 3. Nf3 Nf6 4. Nc3 dxc4 5. a4 Bf5 6. e3 e6 7. Bxc4 Bb4 8. 0-0 Nbd7 9. Nh4 Bg6 10. Nxg6 hxg6 11. Qb3 Bd6 12. f4 Nb6 13. Bd3 Ng4 14. h3 Nf6 15. a5 Nbd5 16. e4 Nb4 17. Bc4 Be7 18. Rd1 Qc7 19. d5 Bc5+ 20. Kf1 0-0-0 21. dxe6 Rxd1+ 22. Qxd1 Rd8 23. Qe2 Nh5 24. Qf3 Nc2 25. Rb1 Nd4 26. Qg4 Nf6 27. Qg5 Qe7 28. e5 Nxe6 29. exf6 gxf6 30. Qg4 f5 31. Qe2 Qh4 32. Bxe6+ fxe6 33. Qxe6+ Rd7 34. Be3 Bxe3 35. Qxe3 Re7 36. Qf2 1-0

[Event "Zabrze Mayor's Cup 34th"]
[Site "Zabrze"]
[Date "2011.09.25"]
[Round "5"]
[White "Pawlowski, Maciej"]
[Black "Tomaka, Marek"]
[Result "0-1"]
[WhiteElo "1495"]
[BlackElo "1582"]
[PlyCount "42"]
[EventDate "2011.09.23"]
[EventType "swiss"]
[EventRounds "10"]
[EventCountry "POL"]
[SourceTitle "CBM 144 Extra"]
[Source "ChessBase"]
[SourceDate "2011.10.28"]
[SourceVersion "1"]
[SourceVersionDate "2011.10.28"]
[SourceQuality "1"]

1. e4 c5 2. Nf3 e6 3. d4 cxd4 4. Nxd4 Nf6 5. Nc3 Bb4 6. f3 Bxc3+ 7. bxc3 0-0 8. e5 Ne4 9. fxe4 Qh4+ 10. g3 Qxe4+ 11. Qe2 Qxh1 12. Nf3 b6 13. Qe4 Ba6 14. c4 Bxc4 15. Qxc4 Qxf3 16. Bd3 Nc6 17. Qh4 g6 18. Bh6 Rfc8 19. Be4 Qc3+ 20. Kf2 Qxa1 21. Bxc6 Qxe5 0-1

[Event "Zabrze Mayor's Cup 34th"]
[Site "Zabrze"]
[Date "2011.09.24"]
[Round "2"]
[White "Tomaka, Marek"]
[Black "Czornik, Janusz"]
[Result "0-1"]
[WhiteElo "1582"]
[BlackElo "1838"]
[PlyCount "52"]
[EventDate "2011.09.23"]
[EventType "swiss"]
[EventRounds "10"]
[EventCountry "POL"]
[SourceTitle "CBM 144 Extra"]
[Source "ChessBase"]
[SourceDate "2011.10.28"]
[SourceVersion "1"]
[SourceVersionDate "2011.10.28"]
[SourceQuality "1"]

1. e4 c5 2. Nf3 d6 3. d4 cxd4 4. Nxd4 Nf6 5. Nc3 a6 6. Be3 e6 7. f3 b5 8. Qd2 Nbd7 9. 0-0-0 Bb7 10. g4 h6 11. h4 b4 12. Nce2 d5 13. e5 Nxe5 14. Ng3 Nc4 15. Bxc4 dxc4 16. Qe2 Qc7 17. g5 hxg5 18. hxg5 Rxh1 19. Nxh1 Nd5 20. g6 Qe5 21. gxf7+ Kxf7 22. Re1 Qxe3+ 23. Qxe3 Nxe3 24. Rxe3 Bc5 25. c3 Rd8 26. Kc2 Bxd4 0-1